Luật đầu tư nước ngoài tại Việt Nam Law on foreign investment in Vietnamese ( Song ngữ Anh-Việt )
Đã lưu trong:
| Định dạng: | Sách |
|---|---|
| Ngôn ngữ: | Undetermined |
| Được phát hành: |
Bộ thương mại
1993
|
| Những chủ đề: | |
| Các nhãn: |
Thêm thẻ
Không có thẻ, Là người đầu tiên thẻ bản ghi này!
|
| Thư viện lưu trữ: | Trung tâm Học liệu Trường Đại học Cần Thơ |
|---|
| LEADER | 00533nam a2200169Ia 4500 | ||
|---|---|---|---|
| 001 | CTU_23795 | ||
| 008 | 210402s9999 xx 000 0 und d | ||
| 020 | |c 6300 | ||
| 082 | |a 346.597092 | ||
| 082 | |b L504 | ||
| 245 | 0 | |a Luật đầu tư nước ngoài tại Việt Nam | |
| 245 | 0 | |b Law on foreign investment in Vietnamese ( Song ngữ Anh-Việt ) | |
| 260 | |b Bộ thương mại | ||
| 260 | |c 1993 | ||
| 650 | |a Finance, public | ||
| 650 | |z Vietnam | ||
| 980 | |a Trung tâm Học liệu Trường Đại học Cần Thơ | ||